000 00291nam a22001337a 4500
008 170608b xxu||||| |||| 00| 0 eng d
020 _a0669076791
041 _aeng
080 _23RD
_a338
100 _a18
101 _aSHP
245 _aAMERICAN GOVERNMENT
_cWILSON,J,Q
942 _2udc
_cBK
999 _c16509
_d16509